Pútnik z Compostely

Bibliographic Details
Main Author: Coelho, Paulo, 1947- (Author)
Other Authors: Petrovská, Miroslava, 1963- (Translator), Benková Marcelliová, Jana, 1979- (Translator)
Format: Book
Language:Slovak
Portuguese
PhysicalDescription:222 strán 20 cm
Published: Bratislava Ikar 2020
ISBN:9788055175546
Edition:Druhé vydanie
Subjects:

MARC

LEADER 00000cam a2200000 4500
001 vtls012021249
003 SK-MaSNL
005 20260301104210.0
008 220509s2020 xo gr 000 f slo
015 |a SNBA2021/06 
020 |a 9788055175546  |q (brožované) 
035 |a urn:nbn:sk:snk-am00gf5t 
035 |a urn:nbn:sk:snk-am3j7p6 
035 |a D6970818-0B66-4286-BF07-DDE826FC88E5 
040 |a SNK  |b slo  |c SNK  |e rda 
041 1 |a slo  |h por 
044 |a xo  |c SK 
072 7 |a 821.134.3  |x Portugalská literatúra  |2 konspekt 
080 |a 821.134.3(81)-31  |2 2011 
100 1 |a Coelho, Paulo,  |d 1947-  |4 aut  |9 91339 
240 1 2 |a O diário de um mago  |l Slovensky 
245 1 0 |a Pútnik z Compostely  |c Paulo Coelho ; z portugalského originálu O diário de um mago preložila Miroslava Petrovská 
250 |a Druhé vydanie 
264 1 |a Bratislava  |b Ikar  |c 2020 
300 |a 222 strán  |c 20 cm 
336 |a text  |b txt  |2 rdacontent 
337 |a bez média  |b n  |2 rdamedia 
338 |a zväzok  |b nc  |2 rdacarrier 
500 |a Preložené z portugalčiny 
655 7 |a brazílske romány  |2 SNKPH  |9 70682 
655 7 |a Brazilian fiction  |2 SNKPHeng  |9 327027 
700 1 |a Petrovská, Miroslava,  |d 1963-  |4 trl  |9 105374 
700 1 |a Benková Marcelliová, Jana,  |d 1979-  |4 trl  |9 215646 
919 |a 978-80-551-7554-6 
958 |a LX 
958 |a UP 
968 |b POR 
999 |c 697489  |d 699419 
952 |a SNK  |b SNK  |y PREZ  |7 0  |p 17A1451432  |o snkSD 89713  |i snk2021/2638  |8 0  |0 0  |1 0  |4 0  |d 2021-04-08  |f 1  |l 0  |r 2026-02-23 20:46:44  |w 2026-02-23 
952 |a SNK  |b SNK  |y PREZ  |7 0  |p 17A1451433  |o snkSD 89713 D1  |i snk2021/2639  |8 0  |0 0  |1 0  |4 0  |d 2021-04-08  |l 0  |r 2026-02-23 20:46:44  |w 2026-02-23